| 000 | 00000nas##2200000za#4500 |
| 001 | 9.507771 |
| 003 | CaOODSP |
| 005 | 20250319160741 |
| 007 | cr ||||||||||| |
| 008 | 150406c1998||||xxc|| p o||||f| |0eng|d |
| 022 | |a1702-1138 |
| 040 | |aCaOODSP|beng |
| 043 | |an-cn--- |
| 086 | 1 |aR71-60E-PDF |
| 110 | 1 |aCanada. |bIndian and Northern Affairs Canada. |
| 245 | 10|aFirst Nations and Inuit Youth Employment Strategy, annual report |h[electronic resource] |
| 260 | |aOttawa - Ontario : |bIndian and Northern Affairs |c1999-[2001]. |
| 310 | |aAnnual |
| 362 | 1 |a1997/1998--2000/2001 |
| 500 | |aCeased publication in 2001? |
| 690 | 07|aIndigenous youth|2gcpds |
| 690 | 07|aEmployment|2gcpds |
| 775 | 08|tStratégie d'emploi pour les jeunes Inuits et des Premières nations, rapport annuel |w(CaOODSP)9.504150 |